000 00469nam a22002297a 4500
003 UA-OsUOA
001 38438
007 ta
008 20071210b un ||||| |||| 00| 0 ukr d
090 _a050
942 _cMG
040 _aUA-OsUOA
_bukr
_cUA-OsUOA
_dUA-OsUOA
245 _aWiener Slawistischer Almanach
300 _a222 с.
955 _a1
041 _aukr
080 _a050
260 _c2006
310 _aband 58, 2006
650 7 _2UDC
999 _c436954
_d436954